All 63 Pokémon in Pokémon Snap - Statistics

General Stats
  • This quiz has been taken 135 times
    131 since last reset
  • The average score is 47 of 63
Answer Stats
# Pokemon % Correct
001 Bulbasaur
100%
025 Pikachu
97%
006 Charizard
96%
004 Charmander
96%
005 Charmeleon
95%
007 Squirtle
94%
016 Pidgey
90%
011 Metapod
89%
151 Mew
89%
014 Kakuna
88%
012 Butterfree
86%
144 Articuno
85%
146 Moltres
85%
145 Zapdos
85%
149 Dragonite
84%
147 Dratini
81%
143 Snorlax
81%
132 Ditto
80%
133 Eevee
80%
051 Dugtrio
79%
101 Electrode
78%
124 Jynx
78%
129 Magikarp
77%
050 Diglett
76%
039 Jigglypuff
76%
131 Lapras
76%
059 ARcanine
75%
125 Electabuzz
75%
058 Growlithe
74%
126 Magmar
74%
081 Magnemite
74%
052 Meowth
74%
027 Sandshrew
74%
037 Vulpix
74%
137 Porygon
73%
028 Sandslash
73%
130 Gyarados
72%
082 Magneton
72%
113 Chansey
71%
074 Geodude
71%
115 Kangaskhan
70%
041 Zubat
70%
056 Mankey
69%
121 Starmie
69%
120 Staryu
69%
084 Doduo
68%
075 Graveler
68%
054 Psyduck
68%
123 Scyther
68%
109 Koffing
67%
045 Vileplume
67%
091 Cloyster
66%
090 Shellder
66%
093 Haunter
65%
089 Muk
65%
118 Goldeen
64%
080 Slowbro
64%
079 Slowpoke
64%
088 Grimer
63%
071 Victreebel
63%
070 Weepinbell
62%
060 Poliwag
61%
078 Rapidash
61%
No matching quizzes found
Score Distribution
Percent of People with Each Score
Percentile by Number Answered
Your Score History
You have not taken this quiz since the last reset